000 01035nam a2200229 a 4500
001 000046318
005 20201002052803.0
008 100908s2005 dr d 000 0 spa d
040 _aDO-SdBNP
_bspa
_cBNPHU
082 _a510
_bxxxxx
100 1 _aVentura Muñoz, Eduardo
_929603
245 1 0 _aMatemáticas financieras II /
_cEduardo Ventura Muñoz, Mayra Martínez Triana.
260 _aSanto Domingo :
_bUCSD,
_c2005.
300 _a136 p. : ;
_c28 cm.
490 1 _aAlandar
505 0 _gunidad 1 --
_tMonto compuesto --
_gunidad 2 --
_tAnualidades --
_gunidad 3 --
_tAmortización y fondo de amortización --
_gunidad 4 --
_tAnualidades anticipadas --
_gunidad 5 --
_tAnualidades diferidas --
_gunidad 6 --
_tAnualidades generales --
_gunidad 7 --
_tLos bonos --
_tTablas I --
_tTablas II --
650 4 _aMatemáticas financieras
_97099
650 4 _aMatemáticas financieras
_xProblemas, ejercicios, etc.
_97100
700 1 _aMartínez Triana, Mayra
_974341
710 1 _aUniversidad Católica Santo Domingo
_91478
830 0 _aAlandar
_974340
999 _c45807
_d45807